000
00332nam a2200121 a 4500
005
20140414131919.0
008
101021s19uu xx 00 eng d
050
_a
ER
_b
L96 2004
100
_a
Carville, James
245
_a
Lu and the swamp ghost.
260
_a
New York :
_b
Atheneum Books for Young Readers,
_c
2004.
999
_c
111669
_d
111669